000 02417nam a2200517 i 4500
001 768714001
003 CO-MdFUSB
005 20230915093623.0
007 ta
007 ca aa aaaaa
008 170808t1998 sp a|||| |||| 00| 0 spa d
020 _a9788481692679
020 _a9788481693218
040 _aCO-MdFUSB
_bspa
_cCO-MdFUSB
_dCO-MdFUSBC
_erda
041 _aspa
082 0 4 _a221.92
_223
_bP4671p
245 0 _aPersonajes del Antiguo Testamento
_c/ L. Alonso Schökel
_h[Físico y electrónico]
250 _atercera edición
264 4 _aEspaña :
_bVerbo Divino,
_c[1998]
264 4 _c©1998
264 4 _c© 2005
300 _av.1, 182 p. ; v.2, 243 p.
_c;
336 _2rdacontent
_atexto
_btxt
337 _2rdamedia
_asin mediación
_bn
337 _2rdamedia
_ainformático
_bc
338 _2rdacarrier
_avolumen
_bnc
338 _2rdacarrier
_aremoto
_bcr
501 _aRústico
505 _aVolumen I: El pueblo de Israel: la vida como camino común -- Adán y Eva: el drama del ser humano -- Noé: la pluralidad del Arco Iris -- Jacob: la lucha con Dios -- Débora: el aguijón que inquieta o la mujer que anima -- Moisés: la necesidad de líderes sociales -- Tamar, Rajab, Betsabé_ la humanidad al desnudo.
505 _aVolumen II. Samuel y el desprestigio de las instituciones religiosas -- Nabot: la dramática grandeza del débil -- Amós: la denuncia profética -- Oseas: el Dios enamorado -- Jeremías: la pasión de una vocación -- Jonás: el malestar ante un Dios desconcertante -- Qohelet: ¿Un postmoderno en la antigüedad? -- Tobías: la religión en dificultades -- Judas Macabeo: ¿Adaptación o fundamentalismo?
506 _aPréstamo en biblioteca del libro físico
506 _aSolicitar clave y usuario para acceder al libro electrónico.
563 _aRústico
650 0 _aBiblia
_916
653 _aBiblia - Historia
653 _aBiblia - Comentarios
653 _aBiblia - Personajes
653 _aBiblia A.T.
653 _aBiblia - Antiguo Testamento
700 1 _aAlonso Schökel, Luis (1920-1998)
_eautor
700 _98435
_aAlegre Aragüés, José,
_eautor
856 _b861473
_uhttp://search.ebscohost.com/login.aspx?direct=true&scope=site&db=nlebk&db=nlabk&AN=861473
_zAbrir Versión electrónica del libro Personajes del Antiguo Testamento
942 _cBK
945 _aJTF-925
999 _c44807
_d44807